000 00446nam a22001577a 4500
008 160302b xxu||||| |||| 00| 0 eng d
020 _a0-582-29195-X
050 _aD371.M23 1996
100 _aMacfie, A.L.
_922691
245 _aThe Eastern question 1774-1923
_cA.L. Macfie
250 _aRev. ed.
260 _aLondon
_bPearson Education
_c1996
300 _avii, 141p. ;
_c22cm.
650 _aEastern question
_922692
942 _2lcc
_cMONOGRAPH
999 _c124290
_d124290